000 01054cab a2200217 4500
001 ABS68552
008 041207n2004 000 0 eng u
035 _a(Sirsi) u128225
100 _aGrant, K.
245 _aCounted out
260 _c2004
490 _aInside Housing
_v21(47) 26 November 2004, 40-41(2)
520 _aReports on Cheshire's serious housing problems behind its image as being one of northern England's wealthiest areas. There are pockets of severe deprivation and demand for affordable housing far outstrips supply with most of Cheshire's council stock already transferred to housing associations. Presents views on and solutions to the failing housing market in Cheshire. Table covers Cheshire's housing challenge-new homes in the 2004-06 approved development programmes and waiting lists.
590 _aABS
650 _aAPPROVED DEVELOPMENT PROGRAMME
650 _aSTOCK TRANSFER
650 _aCHESHIRE
650 _aHOUSING PROBLEMS
690 _aPROPERTY-RESIDENTIAL PROPERTY-RESIDENTIAL PROPERTY MARKET
942 _n0
999 _c74654
_d74654